Cuines des de l'Erm de Manlleu : receptes / fotografies: Ester Solà, Ester Torras receptes / fotografies:
Descripción Física:
61 p. : il. col. ; 21 cm
Materias:
Cuina -- Manlleu
MARC
| LEADER | 00000nam a2200000Ia 4500 | ||
|---|---|---|---|
| 001 | 19958 | ||
| 003 | BGR | ||
| 005 | 20260324180133.0 | ||
| 008 | 160829s2005 xx 000 0 cat d | ||
| 080 | |a C-3-73 | ||
| 245 | |a Cuines des de l'Erm de Manlleu : |b receptes / fotografies: |b Ester Solà, Ester Torras | ||
| 260 | |a Manlleu : |b Institut de Desenvolupament de l'Erm : |b Ajuntament de Manlleu, |c 2005 | ||
| 300 | |a 61 p. : |b il. col. ; |c 21 cm | ||
| 590 | |a A la portada: 1r Tast Gastronòmic, Festa Major del barri de l'Erm, 17 de juny de 2005. | ||
| 590 | |a Amb el suport de la Diputació de Barcelona. | ||
| 590 | |a Prové de G-187, exp. 3 | ||
| 650 | |a Cuina |x Manlleu |9 47479 | ||
| 700 | |a Solà, Ester, fot. |9 47482 | ||
| 700 | |a Torras, Ester, fot. |9 47483 | ||
| 710 | 1 | |a Manlleu (Catalunya). |b Ajuntament |9 51505 | |
| 710 | 1 | |a Institut de Desenvolupament de l'Erm |9 71115 | |
| 901 | |a Arxiu | ||
| 942 | |n 1 |2 udc |c MON | ||
| 952 | |0 0 |1 0 |4 0 |6 C373 |7 1 |9 53909 |a Arxiu |b Arxiu |d 2016-12-01 |l 0 |o C-3-73 |p 19958 |r 2016-12-01 00:00:00 |w 2016-12-01 |y ARXIU | ||
| 999 | |c 57776 |d 57776 | ||